| 000 | 01993nas1a22003011i 4500 | ||
|---|---|---|---|
| 001 | RU\NLR\INFOCOMM9\5000118756 | ||
| 005 | 20260407141252.0 | ||
| 035 | _a(NLR Aleph) 003154015 | ||
| 090 |
_a3031189 _c3031189 |
||
| 100 | _a20051014a20029999|||y0rusy50 ca | ||
| 101 | 0 | _arus | |
| 102 | _aRU | ||
| 110 | _azyuzz 0|y| | ||
| 200 | 1 |
_aУченые записки _fЛенингр. гос. обл. ун-т им. А.С. Пушкина |
|
| 210 |
_aСПб. _cЛГОУ _d2002- |
||
| 300 | _aВ надзаг. также: М-во образования Рос. Федерации, Правительство Ленингр. обл. | ||
| 311 | _aВ 2011 из дан. изд. выделился и выходит самостоятельно: Вопросы германской и романской филологии (Ш.: П34/2143) | ||
| 441 | 0 |
_12001#$aВопросы германской и романской филологии _tВопросы германской и романской филологии |
|
| 710 | 0 | 2 |
_aЛенинградский государственный областной университет им. А. С. Пушкина _cПушкин, Санкт-Петербург _3RU\NLR\AUTH\8810008984 _9515701 |
| 801 | 2 |
_aRU _bNLR _c20070720 _2rusmarc |
|
| 801 | 1 |
_aRU _bInfoComm _c20051014 |
|
| 801 | 0 |
_aRU _bNLR _gPSBO |
|
| 852 |
_aNLR _jП1/689 |
||
| 942 | _cSE | ||
| 980 | _aRUSPER | ||